Tilastot visalle 15 maata, joissa kuoli eniten Covid-19 - 29. joulukuuta 2021

Klikkaa tästä pelataksesi tätä visaa!

Yleistilastot

  • Tätä visaa on pelattu 2 kertaa
  • Keskiarvotulos 9 / 27

Vastaustilastot

maa% Oikein
Saksa
100%
Tšekki
100%
Venäjä
100%
Yhdysvallat
100%
Brasilia
50%
Georgia
50%
Indonesia
50%
Intia
50%
Italia
50%
Kolumbia
50%
Kroatia
50%
Ranska
50%
Slovenia
50%
Yhdistynyt
kuningaskunta
50%
Argentiina
0%
Armenia
0%
Bosnia ja
Hertsegovina
0%
Bulgaria
0%
Iran
0%
Liettua
0%
Meksiko
0%
Peru
0%
Pohjois-Makedonia
0%
Romania
0%
Slovakia
0%
Ukraina
0%
Unkari
0%

Tulosjakauma

Persentiili vastausten määrän mukaan

Jokaisen tuloksen saaneiden osuus

Tuloshistoriasi

Et ole pelannut tätä visaa